Cognitive radio techniques : (رقم التسجيلة. 30347)
[ عرض عادي ]
| 000 -الفاتح | |
|---|---|
| حقل البيانات ثابتة الطول | 01222cam a22003257a 4500 |
| 001 - رقم الضبط | |
| رقم الضبط | 17616753 |
| 003 - محدد رقم الضبط | |
| رقم الضبط | OSt |
| 005 - وقت وتاريخ اخر تعامل مع التسجيلة | |
| رقم الضبط | 20150408114136.0 |
| 008 - عناصر البيانات ثابتة الطول - معلومات عامة | |
| حقل البيانات ثابتة الطول | 130805s2012 maua f b 001 0 eng d |
| 010 ## - رقم ضبط مكتبة الكونجرس | |
| رقم ضبط مكتبة الكونجرس | 2012289607 |
| 020 ## - الرقم الدولى المعيارى للكتب | |
| الرقم الدولى المعيارى للكتاب | 9781608072033 |
| 020 ## - الرقم الدولى المعيارى للكتب | |
| الرقم الدولى المعيارى للكتاب | 1608072037 |
| 035 ## - رقم ضبط النظام | |
| رقم ضبط النظام | (OCoLC)ocn820126696 |
| 040 ## - مصدر الفهرسة | |
| وكالة الفهرسة الأصلية | BTCTA |
| لغة الفهرسة | eng |
| وكالة النسخ | CUD |
| وكالة التعديل | OCLCO |
| -- | UAT |
| -- | YDXCP |
| -- | DLC |
| 042 ## - رمز التحقق | |
| رمز التحقق | lccopycat |
| 050 00 - رقم طلب مكتبة الكونجرس | |
| رقم التصنيف | TK5103.4815 |
| رقم المادة | .S58 2012 |
| 082 00 - رقم تصنيف ديوى العشرى | |
| رقم الطبعة | 23 |
| رقم التصنيف | 621.384 |
| رقم المادة | SKC |
| 100 1# - المدخل الرئيسى - إسم شخصى | |
| الإسم الشخصى | Sithamparanathan, Kandeepan. |
| 9 (RLIN) | 36481 |
| 245 10 - بيان العنوان | |
| العنوان | Cognitive radio techniques : |
| بقية العنوان | spectrum sensing, interference mitigation, and localization / |
| بيان المسئوليه,etc | Kandeepan Sithamparanathan, Andrea Giorgetti. |
| 260 ## - PUBLICATION, DISTRIBUTION, ETC. (IMPRINT) | |
| مكان الناشر او الموزع | Boston, Mass. ; |
| -- | London : |
| اسم الناشر او الموزع | Artech House, |
| تاريخ النشر أو التوزيع | c2012. |
| 300 ## - الوصف المادى | |
| التعداد | xxiii, 369 p. : |
| تفاصيل ماديه اخرى للوعاء | ill. ; |
| أبعاد الوعاء | 24 cm. |
| 490 1# - بيان السلسلة | |
| عنوان السلسلة | Artech House mobile communications library |
| 504 ## - تبصرة ببليوجرافية | |
| تبصرة ببليوجرافية,الخ | Includes bibliographical references and index. |
| 650 #0 - المدخل الاضافى بالموضوع-مصطلح موضوعى | |
| مصطلح موضوعي أو اسم جغرافي كعنصر مدخل | Cognitive radio networks. |
| 9 (RLIN) | 36482 |
| 700 1# - المدخل الاضافى - اسم شخصى | |
| الإسم الشخصى | Giorgetti, Andrea. |
| 9 (RLIN) | 36483 |
| 830 #0 - المدخل الاضافى بالسلسلة -عنوان موحد | |
| عنوان موحد | Artech House mobile communications library. |
| 9 (RLIN) | 36484 |
| 906 ## - عنصر بيانات محلى F, LDF (RLIN) | |
| a | 7 |
| b | cbc |
| c | copycat |
| d | 2 |
| e | ncip |
| f | 20 |
| g | y-gencatlg |
| 942 ## - | |
| -- | ddc |
| -- | BOOK |
| 999 ## - | |
| -- | 30347 |
| -- | 264847 |
| حالة الفقد | نموذج السعر الفعال | حالة تلف | ليس للاعارة | رقم الطلب | رقم النسخة | تاريخ الاكتساب | Serial Enumeration / chronology | الباركود | الفرع الرئيسي | Date last seen | نوع المادة فى نظام كوها | مصدر التصنيف او خطة الترفيف | Total Checkouts |
|---|---|---|---|---|---|---|---|---|---|---|---|---|---|
| 2013-08-05 | Not For Loan | 621.384 SKC | 1 | 2013-08-05 | CL | 00206126 | المكتبة المركزية بالمجمعة (CL) | 2013-08-05 | كتاب | Dewey Decimal Classification | |||
| 2013-08-05 | 621.384 SKC | 2 | 2013-08-05 | CL | 00206127 | المكتبة المركزية بالمجمعة (CL) | 2013-08-05 | كتاب | Dewey Decimal Classification | ||||
| 2013-10-17 | 621.384 SKC | 3 | 2013-10-17 | CL | 00206670 | المكتبة المركزية بالمجمعة (CL) | 2013-10-17 | كتاب | Dewey Decimal Classification | ||||
| 2013-10-22 | Not For Loan | 621.384 SKC | 1 | 2013-10-22 | SZM | 00207001 | مكتبة مجمع الكليات بالزلفى - طلاب (SZM) | 2013-10-22 | كتاب | Dewey Decimal Classification |
